[Event "tht Extraliga 16/17,Duras Brno-SK AD Jicin"]
[Site "Brno"]
[Date "2017.02.25"]
[Round "7.8"]
[White "Kourousis, Epaminondas"]
[Black "Chytilek, Roman"]
[WhiteElo "2390"]
[BlackElo "2328"]
[Result "0-1"]
[PlyCount "122"]

1. d4 Nf6 2. Nf3 g6 3. Nbd2 Bg7 4. e4 d6 5. Bd3 O-O 6. O-O Nfd7 7. Re1 Nc6 8.
c3 e5 9. Nb3 h6 10. Be3 f5 11. exf5 gxf5 12. g3 e4 13. Bc4+ Kh7 14. Nh4 Nb6 15.
Bf1 Nd5 16. Ng2 Nce7 17. Nc1 Bd7 18. a4 Be8 19. Ne2 Bf7 20. Nef4 Nf6 21. a5 a6
22. Nh4 Nfd5 23. Nxd5 Bxd5 24. c4 Be6 25. d5 Bd7 26. Bd4 Ng6 27. Nxg6 Kxg6 28.
Ra3 Bxd4 29. Qxd4 Qf6 30. Qxf6+ Kxf6 31. Rb3 Rab8 32. Bh3 b6 33. axb6 Rxb6 34.
Rxb6 cxb6 35. f3 exf3 36. Kf2 Rc8 37. Bf1 b5 38. cxb5 axb5 39. Kxf3 Rc5 40. Rd1
Rc2 41. b4 Ke5 42. h4 Rb2 43. Ra1 Kxd5 44. Rd1+ Ke5 45. Re1+ Kf6 46. Rd1 Bc6+
47. Ke3 Ke5 48. Rc1 Be4 49. Bxb5 Rxb4 50. Be2 Rb3+ 51. Kf2 f4 52. gxf4+ Kxf4
53. Rc8 Rb2 54. Rf8+ Ke5 55. Ke3 Rb3+ 56. Kf2 Rh3 57. Re8+ Kd4 58. Re6 d5 59.
Rxh6 Rh2+ 60. Ke1 Ke3 61. Bf1 Rb2 0-1

[Event "tht Extraliga 16/17,Lokomotiva Brno-Rapid Pardubice"]
[Site "Brno"]
[Date "2017.02.25"]
[Round "7.1"]
[White "Biolek, Richard"]
[Black "Rodshtein, Maxim"]
[WhiteElo "2431"]
[BlackElo "2699"]
[Result "1/2-1/2"]
[PlyCount "84"]

1. e4 c6 2. d4 d5 3. Nc3 dxe4 4. Nxe4 Bf5 5. Ng3 Bg6 6. h4 h6 7. Nf3 Nd7 8. h5
Bh7 9. Bd3 Bxd3 10. Qxd3 e6 11. Bd2 Ngf6 12. O-O-O Be7 13. Kb1 Rc8 14. Ne4 Qb6
15. g4 Nxe4 16. Qxe4 Nf6 17. Qe2 c5 18. g5 hxg5 19. dxc5 Qxc5 20. Bxg5 Rxh5 21.
Rhg1 Rd8 22. Rxd8+ Bxd8 23. Be3 Qc6 24. Rxg7 Rh1+ 25. Bc1 Bc7 26. Rg1 Rxg1 27.
Nxg1 a6 28. Nf3 Qd5 29. Ng5 b5 30. f3 Nd7 31. a3 Qe5 32. Qd3 Nf6 33. Bd2 Bd6
34. Bc3 Qxg5 35. Qxd6 Nd5 36. Bd4 Qf4 37. Qc6+ Ke7 38. Qb7+ Ke8 39. Qc8+ Ke7
40. Qb7+ Ke8 41. Qc8+ Ke7 42. Qb7+ Ke8 1/2-1/2

[Event "tht Extraliga 16/17,Lokomotiva Brno-Rapid Pardubice"]
[Site "Brno"]
[Date "2017.02.25"]
[Round "7.2"]
[White "Kempinski, Robert"]
[Black "Druska, Juraj"]
[WhiteElo "2592"]
[BlackElo "2441"]
[Result "1-0"]
[PlyCount "31"]

1. d4 Nf6 2. c4 e6 3. Nc3 Bb4 4. Qc2 b6 5. e4 c5 6. d5 Qe7 7. Be2 exd5 8. exd5
Qe4 9. Qd2 Qxg2 10. Bf3 Qg6 11. Nge2 d6 12. Rg1 Qf5 13. Qe3+ Kd8 14. Rxg7 Nbd7
15. Ng3 Qc2 16. Bd1 1-0

[Event "tht Extraliga 16/17,Lokomotiva Brno-Rapid Pardubice"]
[Site "Brno"]
[Date "2017.02.25"]
[Round "7.3"]
[White "Kratochvil, Josef"]
[Black "Votava, Jan"]
[WhiteElo "2272"]
[BlackElo "2525"]
[Result "1/2-1/2"]
[PlyCount "102"]

1. e4 e5 2. Nf3 Nc6 3. d4 exd4 4. Nxd4 Nf6 5. Nxc6 bxc6 6. e5 Qe7 7. Qe2 Nd5 8.
c4 Nb6 9. Nd2 Qe6 10. Qe4 d5 11. exd6 cxd6 12. Bd3 Qxe4+ 13. Bxe4 d5 14. cxd5
Ba6 15. dxc6 O-O-O 16. f3 g6 17. g4 Bg7 18. Nb3 Na4 19. Kf2 Nxb2 20. Bg5 Rde8
21. Be3 Bd3 22. Nc5 Bxe4 23. Nxe4 Nc4 24. Bxa7 Bxa1 25. Rxa1 Re6 26. Rc1 Ne5
27. Kg3 Rxc6 28. Rb1 Rd8 29. Rb5 Nc4 30. g5 Nd6 31. Rb8+ Kc7 32. Nxd6 Rcxd6 33.
Rb2 Rd2 34. Rb4 R8d3 35. a4 Rd5 36. h4 Rf5 37. Rb3 Kd7 38. Bb6 Rfd5 39. a5 R2d3
40. Rxd3 Rxd3 41. a6 Ra3 42. a7 Ke6 43. Bc5 Ra4 44. Bb6 f6 45. gxf6 Kxf6 46.
Bd4+ Kf5 47. Be3 Ra2 48. Bd4 Ra4 49. Be3 Ke6 50. Bf2 Kd5 51. Bg1 Ke6 1/2-1/2

[Event "tht Extraliga 16/17,Lokomotiva Brno-Rapid Pardubice"]
[Site "Brno"]
[Date "2017.02.25"]
[Round "7.4"]
[White "Petr, Martin"]
[Black "Ramik, Zdenek"]
[WhiteElo "2494"]
[BlackElo "2195"]
[Result "1-0"]
[PlyCount "49"]

1. d4 Nf6 2. Nf3 e6 3. e3 b6 4. Bd3 Bb7 5. O-O c5 6. c4 Be7 7. Nc3 cxd4 8. exd4
O-O 9. d5 exd5 10. cxd5 d6 11. Nd4 Nbd7 12. Nc6 Bxc6 13. dxc6 Ne5 14. Ba6 Qc7
15. Bb7 Rae8 16. Qa4 d5 17. Nb5 Qb8 18. Qxa7 Nf3+ 19. gxf3 Qe5 20. Qa4 Bc5 21.
c7 Qe2 22. c8=Q Qxf3 23. Nd4 Bxd4 24. Qxd4 Re4 25. Qd1 1-0

[Event "tht Extraliga 16/17,Lokomotiva Brno-Rapid Pardubice"]
[Site "Brno"]
[Date "2017.02.25"]
[Round "7.5"]
[White "Skliba, Martin"]
[Black "Repka, Christopher"]
[WhiteElo "2269"]
[BlackElo "2452"]
[Result "0-1"]
[PlyCount "42"]

1. d4 Nf6 2. c4 e6 3. Nc3 Bb4 4. e3 b6 5. Nge2 Bb7 6. a3 Bd6 7. d5 a5 8. g3 Na6
9. Bg2 Nc5 10. b3 exd5 11. Nxd5 Nxd5 12. Bxd5 Bxd5 13. cxd5 Qf6 14. Ra2 h5 15.
h4 Qf5 16. O-O g5 17. e4 Nxe4 18. Bxg5 Nxg5 19. hxg5 h4 20. Qd4 O-O-O 21. f4
Bc5 0-1

[Event "tht Extraliga 16/17,Lokomotiva Brno-Rapid Pardubice"]
[Site "Brno"]
[Date "2017.02.25"]
[Round "7.6"]
[White "Jirovsky, Milos"]
[Black "Kratochvil, Vit"]
[WhiteElo "2444"]
[BlackElo "2201"]
[Result "1/2-1/2"]
[PlyCount "37"]

1. Nf3 c5 2. e3 Nf6 3. d4 cxd4 4. exd4 g6 5. c4 d5 6. Nc3 Bg7 7. Be2 O-O 8. O-O
Nc6 9. h3 Bf5 10. Be3 dxc4 11. Bxc4 Rc8 12. Bb3 Ne4 13. Rc1 Na5 14. Re1 Nxc3
15. bxc3 b5 16. Ne5 Nxb3 17. Qxb3 a6 18. a4 Be6 19. Qa3 1/2-1/2

[Event "tht Extraliga 16/17,Lokomotiva Brno-Rapid Pardubice"]
[Site "Brno"]
[Date "2017.02.25"]
[Round "7.7"]
[White "Dvorak, Adam"]
[Black "Konopka, Michal"]
[WhiteElo "2156"]
[BlackElo "2397"]
[Result "1-0"]
[PlyCount "157"]

1. d4 Nf6 2. g3 d5 3. Nf3 g6 4. Bg2 Bg7 5. O-O O-O 6. c4 dxc4 7. Na3 Nc6 8.
Nxc4 Be6 9. b3 a5 10. a4 Bd5 11. Bb2 Qc8 12. e3 Rd8 13. Qe2 h6 14. Rac1 Qe6 15.
Rfd1 Rac8 16. h4 b6 17. Kh2 Ng4+ 18. Kg1 Nf6 19. Kh2 Nb4 20. Bh3 Ng4+ 21. Kg1
f5 22. Nfd2 c5 23. f3 cxd4 24. fxg4 d3 25. Qf2 Bxb2 26. Nxb2 fxg4 27. Bg2 Rc2
28. Bxd5 Rxd5 29. Nbc4 Rf5 30. Qe1 Na2 31. Rxc2 dxc2 32. Rc1 Nxc1 33. Qxc1 Rf8
34. Qxc2 Qf6 35. Kh1 Kh7 36. h5 Qc6+ 37. Kg1 Rf5 38. hxg6+ Qxg6 39. Qe4 Qf6 40.
Qxg4 Rg5 41. Qe4+ Kg8 42. Kg2 b5 43. Qa8+ Qf8 44. Qxf8+ Kxf8 45. axb5 Rxb5 46.
Kf3 Kf7 47. e4 Ke6 48. Ne3 Ke5 49. Nc2 Kf6 50. Kf4 a4 51. b4 Rb8 52. Nc4 Rc8
53. N2a3 Rd8 54. Ke3 Rg8 55. Kf4 Rd8 56. Ke3 Rg8 57. Kf2 Rd8 58. b5 Rd3 59. Kg2
Rb3 60. b6 Rb4 61. Kf3 Kg5 62. Kf2 e6 63. Kg2 Rb3 64. Kh3 Rb4 65. Nc2 Rb1 66.
Nd4 Kf6 67. e5+ Ke7 68. Kg4 Kd7 69. Nc2 Kc6 70. N2a3 Rb3 71. Kh4 Kd5 72. g4 Ke4
73. Kh5 Rh3+ 74. Kg6 Kf4 75. b7 Rb3 76. Nd6 Rb6 77. Nac4 Rb4 78. Kxh6 Kxg4 79.
Kg6 1-0

[Event "tht Extraliga 16/17,Lokomotiva Brno-Rapid Pardubice"]
[Site "Brno"]
[Date "2017.02.25"]
[Round "7.8"]
[White "Pulpan, Jakub"]
[Black "Kratochvil, Milan"]
[WhiteElo "2400"]
[BlackElo "2201"]
[Result "1/2-1/2"]
[PlyCount "89"]

1. e4 e5 2. Nf3 Nf6 3. Nc3 Nc6 4. Bb5 Bb4 5. O-O O-O 6. d3 d6 7. Bxc6 Bxc3 8.
Ba4 Ba5 9. Bg5 h6 10. Bh4 Bg4 11. h3 Bh5 12. g4 Bg6 13. c3 c5 14. Bb3 b5 15.
Nd2 Bb6 16. a4 bxa4 17. Rxa4 Bh7 18. Qf3 g5 19. Bg3 Rb8 20. Bc4 Kg7 21. Rfa1
Bg6 22. Nf1 Qd7 23. Ne3 a5 24. h4 gxh4 25. Bxh4 Bd8 26. Rxa5 Rxb2 27. Ra7 Rb7
28. Rxb7 Qxb7 29. Nf5+ Bxf5 30. Qxf5 Nh7 31. Bxd8 Rxd8 32. Bd5 Qe7 33. Kg2 Nf8
34. Rb1 Ng6 35. Kf1 Rd7 36. Ke1 Ra7 37. Bc4 Qd8 38. Ke2 Nh4 39. Qh5 Qf6 40. g5
Qxg5 41. Qxg5+ hxg5 42. Rb6 Rd7 43. Bb5 Ra7 44. Bc4 Rd7 45. Bb5 1/2-1/2

[Event "tht Extraliga 16/17,Labortech Ostrava-Unichess"]
[Site "Praha"]
[Date "2017.02.26"]
[Round "8.1"]
[White "Miton, Kamil"]
[Black "Michalik, Peter"]
[WhiteElo "2610"]
[BlackElo "2582"]
[Result "1/2-1/2"]

1. e4  e5  2. Nf3  Nc6
3. Bb5  a6  4. Ba4
Nf6  5. O-O  Be7
6. Re1  b5  7. Bb3
O-O  8. c3  d5
9. exd5  Nxd5  10. Nxe5  Nxe5
11. Rxe5  c6  12. d3
Bd6  13. Re1  Bf5
14. Qf3  Re8  15. Rxe8+
Qxe8  16. Nd2  Qe1+
17. Nf1  Bg6  18. g3
b4  19. c4  Nf6
20. Qxc6  Rd8  21. Qb6  Rd7
22. Bc2  Ng4  23. Rb1
Qe2  24. Bd2  Ne5
25. Qe3  Qg4  26. Bxb4
Nf3+  27. Kg2  Nh4+
28. Kh1  Re7  29. Bxd6
Rxe3  30. Nxe3  Qd7
31. gxh4 Qxd6  32. b4  Bh5
33. Kg2  Be2 34. h3  Qg6+
35. Kh2  Qf6  36. Kg1
Qxh4  37. Re1  Qh5
38. Nf1  f5  39. Ng3
Qxh3  40. Nxe2  Qg4+
1/2-1/2

[Event "tht Extraliga 16/17,Labortech Ostrava-Unichess"]
[Site "Praha"]
[Date "2017.02.26"]
[Round "8.2"]
[White "Petrik, Tomas"]
[Black "Dziuba, Martin"]
[WhiteElo "2467"]
[BlackElo "2561"]
[Result "0-1"]

1. e4  c5  2. Nf3  d6
3. d4  cxd4  4. Nxd4
Nf6  5. Nc3  a6
6. Be2  e5  7. Nb3  Be7
8. O-O  O-O  9. Be3
Be6  10. Qd2  Nbd7
11. a4  Rc8  12. a5
Qc7  13. Rfd1  Rfd8
14. Qe1  h6  15. Rd2
Re8  16. h3  Qb8
17. Ra4  Nf8  18. Nd5
Nxd5  19. exd5  Bd7
20. Rb4  Qa8  21. c4
f5  22. Bh5  g6
23. Bd1  h5  24. Re2  g5
25. Rc2  f4  26. Bb6
Bf5  27. Rc1  Bg6
28. Bc2  e4  29. Bxe4
Bf6  30. f3  Bxb2
31. Rc2  Bg7  32. Nd4
Re5  33. Re2  Rce8
34. Qb1  Bxe4  35. fxe4
g4  36. Bc7  Rg5
37. Qd3  Be5  38. h4
Rg6  39. Bb6  Nd7
40. Ne6  Nxb6  41. Rxb6
Qc8  42. Rd2  Re7
43. c5  Rgxe6  44. dxe6
Qxc5+  45. Kh1  Qxa5
46. Rb1  Kg7  47. Qd5
Qc7  48. Rdd1  b5
49. Rdc1  Qa7  50. Rc2
Qe3  51. Rbc1  Qg3
52. Rc7  f3  53. Rxe7+
Kg6  54. Rg7+  Kxg7
0-1

[Event "tht Extraliga 16/17,Labortech Ostrava-Unichess"]
[Site "Praha"]
[Date "2017.02.26"]
[Round "8.3"]
[White "Jakubiec, Artur"]
[Black "Cernousek, Lukas"]
[WhiteElo "2490"]
[BlackElo "2459"]
[Result "1/2-1/2"]

1. e4  c6  2. d4  d5
3. Nc3  dxe4  4. Nxe4
Bf5  5. Ng3  Bg6
6. Nh3  Nf6  7. Nf4
e5  8. dxe5  Qa5+
9. c3  Qxe5+  10. Qe2
Nbd7  11. Nxg6  hxg6
12. Bf4  Qxe2+  13. Bxe2
Nd5  14. Bd2  N7f6
15. Bf3  O-O-O  16. O-O-O
Bc5  17. Rdf1  Rhe8
18. Kc2  Bd6  19. Re1
Bf4  20. Rxe8  Rxe8
21. c4  Bxd2  22. cxd5
Be1  23. dxc6  bxc6
24. Ne4  Bb4  25. Ng5
Re7  26. Rc1  Bc5
27. Kd1  Bxf2  28. Rxc6+
Kd8  29. Rd6+  Kc7
30. Rc6+  Kd8  31. Rd6+
1/2-1/2

[Event "tht Extraliga 16/17,Labortech Ostrava-Unichess"]
[Site "Praha"]
[Date "2017.02.26"]
[Round "8.4"]
[White "Bernasek, Jan"]
[Black "Rasik, Vitezslav"]
[WhiteElo "2509"]
[BlackElo "2466"]
[Result "1/2-1/2"]

1. d4  d6  2. c4  g6
3. Nc3  Bg7  4. e4
Nf6  5. h3  O-O
6. Bg5  Na6  7. Bd3  e5
8. d5  c6  9. Nge2
cxd5  10. cxd5  Nc5
11. Bc2  a5  12. a3
Bd7  13. b4  axb4
14. axb4  Rxa1  15. Qxa1
Na6  16. Qb2  Qb6
17. O-O  Qxb4  18. Qa2
Qc5  19. Be3  Qc7
20. Rb1  Rc8  21. Bd3
Nc5  22. Bxc5  Qxc5
23. Rxb7  Rc7  24. Qa8+
Bf8  25. Rb8  Rc8
26. Rxc8  Qxc8  27. Qa7
Kg7  28. Qb6  Qa8
29. Ba6  Be8  30. Qb7
Qd8  31. Bb5  Bxb5
32. Qxb5  Qa8  33. g4
Qa7  34. Kg2  h5
35. f3  Qe3  36. Nd1
Qd2  37. Nf2  Be7
38. Qd3  Qb2  39. Nd1
Qa1  40. Ne3  hxg4
41. hxg4  Nd7  42. Qc3
Qa2  43. Qc2  Qa7
44. Qc3  Qa2  45. Qc2
Qa7  46. Qc3  1/2-1/2

[Event "tht Extraliga 16/17,Labortech Ostrava-Unichess"]
[Site "Praha"]
[Date "2017.02.26"]
[Round "8.5"]
[White "Kociscak, Jiri"]
[Black "Jurcik, Marian"]
[WhiteElo "2480"]
[BlackElo "2490"]
[Result "1/2-1/2"]

1. d4  Nf6  2. c4  g6
3. Nc3  Bg7  4. e4
d6  5. Nf3  Bg4
6. Be2  O-O  7. Be3  Nfd7
8. Ng1  Bxe2  9. Ngxe2
a6  10. O-O  c5
11. b3  cxd4  12. Nxd4  Nc6
13. Rc1  Qa5  1/2-1/2

[Event "tht Extraliga 16/17,Labortech Ostrava-Unichess"]
[Site "Praha"]
[Date "2017.02.26"]
[Round "8.6"]
[White "Jirka, Jiri"]
[Black "Velicka, Petr"]
[WhiteElo "2420"]
[BlackElo "2424"]
[Result "1/2-1/2"]

1. d4  d5  2. Nf3  Nf6
3. g3  c6  4. c4
Bf5  5. Nc3  e6
6. Nh4  dxc4  7. Nxf5  exf5
8. e3  Nbd7  9. Bxc4
Nb6  10. Bb3  Be7
11. Bd2  Qd7  12. Qf3
Nbd5  13. O-O  O-O
14. Rad1  Rad8  15. Qg2
Nxc3  16. bxc3  c5
17. c4  Qc7  18. Bc3
Nd7  19. h3  Nb6
20. d5  Qd6  21. Qf3
Bf6  22. Ba5  g6
23. g4  fxg4  24. hxg4
Rde8  25. Kg2  Bg7
26. Rh1  f5  27. Qh3
h6  28. gxf5  Rxf5
29. f4  Ref8  30. Rhf1
g5  31. Bc2  R5f6
32. Bxb6  axb6  33. fxg5
Rxf1  34. Rxf1  Rxf1
35. Kxf1  hxg5  36. Bh7+
Kh8  37. Bg6+  Kg8
38. Bh7+  Kh8  39. Bf5+
Qh6  40. Qxh6+  Bxh6
41. e4  Bf8  42. e5
Bg7  43. e6  Bf8
44. Ke2  Kg7  45. Kf3
Kf6  46. Kg4  Be7
47. Bc2  Bd6  48. Ba4
Be7  49. Bd7  Bd6
50. Be8  Be7  51. Bd7
Bd6  52. Kf3  Ke5
53. a3  Be7  54. a4
Bd6  55. Kg4  Kf6
56. Bc8  Be7  57. Bxb7
Bd6  58. Bc8  Be7
59. Bd7  Bd6  60. Be8
Be7  61. Bh5  Bd6
62. Kf3  Ke5 63. Be8  Be7
64. Kg4  Kf6  65. Bd7
Bd6  66. Kh5  Be7
67. Be8  Kf5  68. Bg6+
Kf4  69. Bd3  Ke5
70. Be2  Kf6  71. Kh6
Bd6  72. Bg4  Be7
73. Kh7  Bd6  74. Kh6
Be7  75. Kh5  Bd6
76. Bh3  Be7  77. Kg4
Bd6  78. Kf3  Ke5
79. Ke3  Be7  80. Bg4
1/2-1/2

[Event "tht Extraliga 16/17,Labortech Ostrava-Unichess"]
[Site "Praha"]
[Date "2017.02.26"]
[Round "8.7"]
[White "Biolek, Richard"]
[Black "Simek, Petr"]
[WhiteElo "2458"]
[BlackElo "2394"]
[Result "1/2-1/2"]

1. d4  Nf6  2. c4  e6
3. Nc3  Bb4  4. e3
O-O  5. Bd3  d5
6. a3  Bxc3+  7. bxc3  dxc4
8. Bxc4  c5  9. Ne2
b6  10. O-O  Bb7
11. f3  Qc8  12. Bd3
Ba6  13. e4  Bxd3
14. Qxd3  Nc6  15. Bg5
Nd7  16. f4  Na5
17. f5  exf5  18. Rxf5
f6  19. Bf4  Re8
20. Rd5  Nf8  21. dxc5
Ne6  22. cxb6  axb6
23. Be3  Nb3  24. Rb1
Nbc5  25. Qc4  Qa6
26. Qxa6  Rxa6  27. Ng3
Rxa3  28. Bd2  Ra4
29. Rxb6  Nxe4  30. Nxe4
Rxe4  31. h3  Nf8
32. Rb7  R4e7  33. Rxe7
Rxe7  34. Kf2  Kf7
35. Be3  Rc7  36. Rc5
Rb7  37. Ra5  Ke6
38. Kf3  1/2-1/2

[Event "tht Extraliga 16/17,Labortech Ostrava-Unichess"]
[Site "Praha"]
[Date "2017.02.26"]
[Round "8.8"]
[White "Havlikova, Kristyna"]
[Black "Talla, Vladimir"]
[WhiteElo "2258"]
[BlackElo "2435"]
[Result "0-1"]

1. e4 e5 2. Nf3 Nc6 3. Bb5 a6 4. Ba4 Nf6 5. O-O Be7 6. Re1 b5 7. Bb3 O-O 8. a4 b4
9. d4 d6 10. dxe5 dxe5 11. Qxd8 Rxd8 12. Nbd2 Bc5 13. Nc4 Be6 14. h3 Bd4 15. a5
h6 16. Ncd2 Bxb3 17. Nxb3 Rab8 18. Kf1 Rb5 19. Nfd2 Ne8 20. Nc4 Nd6 21. Nxd6 cxd6
22. Ra2 d5 23. exd5 Rbxd5 24. Rd1 f5 25. Be3 Kf7 26. Bxd4 exd4 27. Raa1 Ne5 28.
Ra4 Nc6 29. Raa1 Ne5 30. Ra4 d3 31. cxd3 Rxd3 32. Rxd3 Nxd3 33. g3 Re8 34. Ra1
Nxb2 35. Nc5 Nc4 36. Kg2 Re5 37. Nxa6 b3 38. Nb4 b2 39. Rb1 Rxa5 40. Nc2 Rb5 41.
Nd4 Rb6 0-1

[Event "tht Extraliga 16/17,SK Slavoj Poruba-Novy Bor"]
[Site "Praha"]
[Date "2017.02.26"]
[Round "8.1"]
[White "Mista, Alexander"]
[Black "Navara, David"]
[WhiteElo "2611"]
[BlackElo "2730"]
[Result "1/2-1/2"]

1. e4  c5  2. Nf3  d6
3. d4  cxd4  4. Nxd4
Nf6  5. Nc3  a6
6. Bg5  Nbd7  7. Bc4  Qb6
8. Bb3  e6  9. Qd2
Be7  10. O-O-O  Nc5
11. Rhe1  h6  12. Bh4
O-O  13. Qe3  Qc7
14. g4  Nfxe4  15. Bxe7
Nxc3  16. bxc3  Qxe7
17. Nf5  Qc7  18. Nxd6
Rd8  19. Qd4  b6
20. Nb5  Qd7  21. Qe5
Qe7  22. Rxd8+  Qxd8
23. Rd1  Bd7  24. Nd6
Qg5+  25. Qxg5  hxg5
26. Nc4  b5  27. Ne5
Be8  28. Rd4  Rc8
29. Kb2  Kf8  30. Nd3
Ke7  31. c4  Nxd3+
32. Rxd3  Bc6  33. cxb5
axb5  34. Rc3  Kd6
35. Rd3+  Ke5  36. Rc3
Kf4  37. h3  Bb7
38. Rd3  Be4  39. Rd7
Rf8  40. Kc3  Bg2
41. Kb4  Kf3  42. Kxb5
Kxf2  43. c4  e5
44. c5  e4  45. c6
e3  46. Bd1  Rb8+
47. Kc5  f6  48. c7
Rb1  49. Rd8  Bb7
50. a4  g6  51. Rb8
Rxd1  52. Rxb7  Rc1+
53. Kd6  f5  54. Rb2+
Kg1  55. a5  f4
56. Re2  Kf1  57. Rh2  Kg1
58. Re2  Kf1  59. Rh2
Rd1+  60. Ke5  e2
61. Rxe2  Rc1  62. Ra2
Rxc7  63. a6  Ra7
64. Ke4  Re7+  65. Kd4
Ra7  66. Ke4  Re7+
67. Kd4  Ra7  68. Ke4
Re7+  1/2-1/2

[Event "tht Extraliga 16/17,SK Slavoj Poruba-Novy Bor"]
[Site "Praha"]
[Date "2017.02.26"]
[Round "8.3"]
[White "Cvek, Robert"]
[Black "Laznicka, Viktor"]
[WhiteElo "2514"]
[BlackElo "2666"]
[Result "0-1"]

1. c4  e5  2. Nc3  Nf6
3. e3  Bb4  4. Nge2
Nc6  5. Nd5  Nxd5
6. cxd5  Ne7  7. a3
Ba5  8. Nc3  O-O
9. Bc4  d6  10. O-O
Ng6  11. d4  Qh4
12. b4  Bb6  13. Na4
e4  14. Nxb6  cxb6
15. f3  Bf5  16. Bd2
Rac8  17. Bb3  Qg5
18. f4  Qe7  19. Qe2
f6  20. b5  Qd7
21. a4  Ne7  22. Bb4  Bg6
23. Rac1  Bf7  24. Qa2
h5  25. h3  Rfd8
26. Ba3  g6  27. Rxc8
Rxc8  28. Rc1  Rxc1+
29. Bxc1  Qc8  30. Bd2
Kf8  31. Qa3  Qd7
32. Bb4  Nf5  33. Qc1
Kg7  34. Kf2  g5
35. fxg5  fxg5  36. Ke2
h4  37. Kd2  Ne7
38. Qa3  Nf5  39. Qc1
Qd8  40. Qc2  Ng3
41. Kc1  Bg6  42. Kb2
Qd7  43. Qc3  Nh5
44. Bc4  Kf7  45. Qa3
Ke7  46. a5  bxa5
47. Qxa5  b6  48. Qa2
Ng3  49. Kc3  Bh5
50. Kd2  Qc7  51. Ke1
Bf7  52. Qb3  Bxd5
0-1

[Event "tht Extraliga 16/17,SK Slavoj Poruba-Novy Bor"]
[Site "Praha"]
[Date "2017.02.26"]
[Round "8.4"]
[White "Bartel, Mateusz"]
[Black "Murdzia, Piotr"]
[WhiteElo "2634"]
[BlackElo "2430"]
[Result "1-0"]

1. e4  c5  2. Nf3  Nc6
3. Bb5  d6  4. O-O
Bd7  5. Re1  Nf6
6. c3  a6  7. Bc4
b5  8. Bf1  e6
9. d4  cxd4  10. cxd4  d5
11. e5  Ne4  12. Nbd2
Nxd2  13. Bxd2  Be7
14. Rc1  h6  15. Bd3
Qb6  16. Be3  Na5
17. b3  Ba3  18. Rc2
Nc6  19. Rce2  Nb4
20. Bb1  Rc8  21. Rf1
Kd8  22. h4  Rc7
23. h5  Kc8  24. Nh2
Qc6  25. Rd2  Rg8
26. Qg4  Qa8  27. Bh7
Kb7  28. Bxg8  Qxg8
29. Bxh6  Bc1  30. a3
Qh7  31. Qxg7  Qxg7
32. Bxg7  Bxd2  33. axb4
Rc3  34. Nf3  Bf4
35. Rb1  a5  36. bxa5
b4  37. h6  Bb5
38. Ne1  1-0

[Event "tht Extraliga 16/17,SK Slavoj Poruba-Novy Bor"]
[Site "Praha"]
[Date "2017.02.26"]
[Round "8.5"]
[White "Malinovsky, Karel"]
[Black "Hracek, Zbynek"]
[WhiteElo "2460"]
[BlackElo "2610"]
[Result "1-0"]

1. e4  c5  2. Nf3  d6
3. d4  cxd4  4. Nxd4
Nf6  5. Nc3  a6
6. g3  e5  7. Nde2  Be7
8. Bg2  O-O  9. O-O
Be6  10. h3  Nbd7
11. g4  Rc8  12. Ng3
h6  13. Nd5  Bxd5
14. exd5  Ne8  15. b3
Bg5  16. Bb2  g6
17. c4  Nef6  18. Qe2
Re8  19. Rad1  Qa5
20. a3  Qc5  21. Rfe1
a5  22. Bf1  Qb6
23. Rb1  Qxb3  24. Bc1
Qxb1  25. Bxg5  Qb3
26. Bxh6  Qxa3  27. Bc1
Qc5  28. Qd2  Qb4
29. Qxb4  axb4  30. g5
Nh5  31. Ne4  Red8
32. Nxd6  Rb8  33. Bd2
b3  34. Be3  b6
35. Ne4  Nf4  36. Rb1  Ra8
37. Nd2  b5  38. Bxf4
exf4  39. cxb5  Nb6
40. Rxb3  Rxd5  41. Nf3
Kf8  42. Kg2  Ke7
43. h4  Kd6  44. Rb4
Ra4  45. Rxa4  Nxa4
46. Bc4  Nb6  47. Bxd5
Kxd5  48. Nd2  Ke5
49. Kf3  Kf5  50. Nb3
Nc4  51. Nd4+  Ke5
52. Ne2  Nd2+  53. Kg4
Ne4  54. b6  Kd6
55. f3  Nc5  56. Kxf4
Nd7  57. b7  Kc7
58. Nc1  Nc5  59. b8=Q+
Kxb8  60. Ke5  Kc7
61. Kf6  Nd7+  62. Ke7
Ne5  63. f4  Nf3
64. Kxf7  Nxh4  65. Nd3
Kd6  66. Ne5  1-0

[Event "tht Extraliga 16/17,SK Slavoj Poruba-Novy Bor"]
[Site "Praha"]
[Date "2017.02.26"]
[Round "8.6"]
[White "Babula, Vlastimil"]
[Black "Adamek, Jiri"]
[WhiteElo "2552"]
[BlackElo "2353"]
[Result "1-0"]

1. d4  Nf6  2. c4  d6
3. Nf3  g6  4. Nc3
Bf5  5. h3  Bg7
6. g4  Bc8  7. e4  O-O
8. Be3  e5  9. d5
h5  10. g5  Nh7
11. Rg1  f5  12. exf5  gxf5
13. Nh4  Qe8  14. Be2
f4  15. Bd2  Qd7
16. Bd3  Qxh3  17. Bxh7+
Kxh7  18. Qxh5+  Kg8
19. Ne4  Rf7  20. Nf6+
1-0

[Event "tht Extraliga 16/17,SK Slavoj Poruba-Novy Bor"]
[Site "Praha"]
[Date "2017.02.26"]
[Round "8.7"]
[White "Klima, Lukas"]
[Black "Zilka, Stepan"]
[WhiteElo "2346"]
[BlackElo "2531"]
[Result "1/2-1/2"]

1. e4  c5  2. Nf3  d6
3. d4  Nf6  4. Nc3
cxd4  5. Nxd4  a6
6. Bc4  e6  7. Bb3
b5  8. Qe2  Nbd7
9. Bg5  Nc5  10. e5
dxe5  11. Nc6  Qc7
12. Nxe5  Nfe4  13. Nxe4
Qxe5  14. Nxc5  Qxg5
15. Qe4  Bxc5  16. Qxa8
Qe5+  17. Kf1  O-O
18. c3  Qc7  19. Qf3
Bb7  20. Qg3  1/2-1/2

[Event "tht Extraliga 16/17,SK Slavoj Poruba-Novy Bor"]
[Site "Praha"]
[Date "2017.02.26"]
[Round "8.8"]
[White "Haba, Petr"]
[Black "Sosna, Jan"]
[WhiteElo "2460"]
[BlackElo "2353"]
[Result "1/2-1/2"]

1. e4  e5  2. Nf3  Nc6
3. Bb5  Nf6  4. d3
Bc5  5. Bxc6  dxc6
6. Nbd2  Nd7  7. Nc4
O-O  8. h4  Re8
9. h5  f6  10. Nh4  Nf8
11. Be3  Bxe3  12. Nxe3
Ne6  13. Qd2  c5
14. O-O-O  a5  15. g3
b5  16. f4  a4
17. Kb1  b4  18. fxe5  fxe5
19. Nhf5  Nd4  20. h6
g6 1/2-1/2

[Event "tht Extraliga 16/17,Tatran Litovel-Lysa nad Labem B"]
[Site "Lysa nad Labem"]
[Date "2017.02.26"]
[Round "8.1"]
[White "Zpevak, Pavel"]
[Black "Papp, Gabor"]
[WhiteElo "2355"]
[BlackElo "2582"]
[Result "1/2-1/2"]

1. d4  Nf6  2. c4  e6
3. Nf3  d5  4. g3
dxc4  5. Qa4+  Bd7
6. Qxc4  c5  7. dxc5
Bc6  8. Bg2  Nbd7
9. Be3  Nd5  10. Bd4
Qa5+  11. Nbd2  Nxc5
12. O-O  1/2-1/2

[Event "tht Extraliga 16/17,Tatran Litovel-Lysa nad Labem B"]
[Site "Lysa nad Labem"]
[Date "2017.02.26"]
[Round "8.2"]
[White "Suran, Jan"]
[Black "Rosko, Lubos"]
[WhiteElo "2409"]
[BlackElo "2329"]
[Result "1/2-1/2"]

1. Nf3  Nf6  2. c4  c6
3. e3  g6  4. b3
Bg7  5. Bb2  O-O
6. Be2  d6  7. d4
Nbd7  8. O-O  Re8
9. Qc2  e5  10. dxe5
dxe5  11. Rd1  e4
12. Ne5  Qe7  13. Nxd7
Bxd7  14. Nd2  c5
15. Nf1  Bc6  16. Rd2
Rad8  17. Rad1  h5
18. Rxd8 1/2-1/2